| 000 | 00676nam a22002057i 4500 | ||
|---|---|---|---|
| 999 |
_c23261 _d23261 |
||
| 003 | AR-CdUCM | ||
| 008 | 250411b20162016 pe||||| |||| 00| 0 spa d | ||
| 040 |
_aMUNICIPALIDAD PROVINCIAL DEL CUSCO _cBIBLIOTECA MUNICIPAL DEL CUSCO |
||
| 041 | _hspa | ||
| 082 |
_aPI / 869.56 / J13 _bJ13 |
||
| 100 |
_aGrimm, Jacob y Wilhelm _951121 |
||
| 245 |
_aBlancanieves y los siete enanitos : _bMundo Infantil / |
||
| 260 |
_aLima : _bCorporación Editorial Chirre _c2016 |
||
| 300 |
_a11 pƔginas. : _bIlustraciones _c17x16 cm. |
||
| 650 |
_aLiteratura Infantil _9588 |
||
| 650 |
_aPrimera infancia _924660 |
||
| 856 | _fwww.chirre.pe | ||
| 942 |
_2ddc _cLIBROS |
||
| 945 |
_apbjr _d11-04-2025 |
||